000 00854nam a2200253Ia 4500
003 OSt
005 20220923225835.0
006 a|||||r|||| 00| 0
007 ta
008 220922b |||||||| |||| 00| 0 snd d
024 _a275,201
037 _cTextual
040 _aARTS
_cARTS
_bsnd
041 _2snd
_asnd
082 _aV2:51wM69, 1593K3
100 _aगांधी, मनुबहन
_9156318
245 0 _aबापूअ जा जीवन प्रसंग
246 _aBāpūa jā jīvan prasanga
260 _aबुम्बई
_b लोक सेवा मंडल
_c1963
300 _a49पृ0
_ccm.
490 _aदेवनागरी सिंधी साहित्य माला; 32
942 _hV2:51wM69, 1593K3
_cTEXL
_2CC
999 _c380764
_d380764